000 00457nam a2200193Ia 4500
005 20240823021504.0
008 240823s9999||||xx |||||||||||||| ||und||
020 _a81-7554-364-7
041 _aENGLISH
082 _A658.1 P7
100 _a"Lowe,Phil"
245 0 _aCreativity and Problrm Solving
250 _a1st
260 _c2007
_b"Kogan Page, New "
500 _aYES
650 _aProblems
_bManagement Studies
942 _cBK
999 _c177128
_d177128